| 000 | 00466nam a2200181Ia 4500 | ||
|---|---|---|---|
| 001 | 13663 | ||
| 005 | 20260306164817.0 | ||
| 008 | 260306t2005||||xx |||||||||||||| ||spa|| | ||
| 041 | _aESP | ||
| 082 |
_a005.1 _bW42 |
||
| 100 |
_aWeitzenfeld, Alfredo _eAUT |
||
| 245 | 0 | _aIngenierĂa de software orientada a objetos con UML, Java e Internet | |
| 260 | _c2005 | ||
| 300 |
_a678 páginas : _c26 cm. |
||
| 650 | _aGEN | ||
| 654 | _aCCC | ||
| 942 |
_cLIB _dJUS _fJUS _2ddc _n |
||
| 999 |
_c13663 _d13663 |
||